John F. Kennedy Quiz - Statistics

General Stats
  • This quiz has been taken 306 times
    287 since last reset
  • The average score is 11 of 14
Answer Stats
Hint Answer % Correct
The year he was assassinated 1963
95%
City in which he was killed Dallas, Texas
94%
Political Party Democrat
92%
The year he was born 1917
91%
His wife's name Jackie
86%
Name of assassin Lee Harvey Oswald
85%
The branch of service he was in Navy
85%
Failed invasion of Cuba Bay of Pigs
83%
The name of his father Joseph
80%
Name of his mother Rose
76%
Where he was laid to rest Arlington National Cemetery
75%
Who killed the assassin Jack Ruby
71%
The name of his boat PT 109
49%
Name of Sec. of Defense Robert McNamara
43%
No matching quizzes found
Score Distribution
Percent of People with Each Score
Percentile by Number Answered
Your Score History
You have not taken this quiz since the last reset